Cẩm nang bảo vệ sức khỏe gia đình 180 bệnh thông thường: Cách phòng ngừa và chữa trị
Sparad:
| Huvudupphovsman: | |
|---|---|
| Materialtyp: | Bok |
| Språk: | Undetermined |
| Publicerad: |
Tp. HCM
Nxb. Tp. HCM
2000
|
| Ämnen: | |
| Taggar: |
Lägg till en tagg
Inga taggar, Lägg till första taggen!
|
| Thư viện lưu trữ: | Trung tâm Học liệu Trường Đại học Cần Thơ |
|---|
| LEADER | 00670nam a2200205Ia 4500 | ||
|---|---|---|---|
| 001 | CTU_39483 | ||
| 008 | 210402s9999 xx 000 0 und d | ||
| 020 | |b 37.000đ | ||
| 082 | |a 615.5 | ||
| 082 | |b K32 | ||
| 100 | |a Donald W Kemper | ||
| 245 | 0 | |a Cẩm nang bảo vệ sức khỏe gia đình | |
| 245 | 0 | |b 180 bệnh thông thường: Cách phòng ngừa và chữa trị | |
| 245 | 0 | |c Donald W Kemper | |
| 260 | |a Tp. HCM | ||
| 260 | |b Nxb. Tp. HCM | ||
| 260 | |c 2000 | ||
| 650 | |a emergency medical service,medical care,medical emergencies,therapeutics | ||
| 904 | |i Minh, 001122 | ||
| 980 | |a Trung tâm Học liệu Trường Đại học Cần Thơ | ||